Normal view
MARC view
Entry Personal Name
001 - CONTROL NUMBER
- control field: 80038
003 - CONTROL NUMBER IDENTIFIER
- control field: dpl
005 - DATE AND TIME OF LATEST TRANSACTION
- control field: 20250401130609.0
008 - FIXED-LENGTH DATA ELEMENTS
- fixed length control field: 250401|| aca||aabn | a|a d
040 ## - CATALOGING SOURCE
- Original cataloging agency: dpl
- Transcribing agency: dpl
100 ## - HEADING--PERSONAL NAME
- Personal name: Kalanithy Jeevakumaran, S.Visweswaran
670 ## - SOURCE DATA FOUND
- Source citation: Work cat.: (dpl)210595: Jeevakumaran,Kalanithy 80037, Your Loving Mother/, 2012
